| 000 | 00337nam a2200121Ia 4500 | ||
|---|---|---|---|
| 005 | 20251222143238.0 | ||
| 008 | 251222s9999||||xx |||||||||||||| ||spa|| | ||
| 020 | _a978-9972-612-27-5 | ||
| 082 | _a658.403.801.1/P87 | ||
| 245 | 0 | _aInstrumentos Metodológicos: | |
| 264 | _bPrograma de las Naciones Unidas para el Desarrollo | ||
| 942 | _cLIB | ||
| 999 |
_c14467 _d14467 |
||